[Event "BLR-ch (Women) 56th"]
[Site "Minsk"]
[Date "2012.01.18"]
[Round "8"]
[White "Eidelson, Rakhil"]
[Black "Tereshkova, Marina"]
[Result "1-0"]
[WhiteElo "2251"]
[BlackElo "1903"]
[PlyCount "49"]
[EventDate "2012.01.10"]
[EventType "tourn"]
[EventRounds "9"]
[EventCountry "BLR"]
[SourceTitle "CBM 146 Extra"]
[Source "ChessBase"]
[SourceDate "2012.02.29"]
[SourceVersion "1"]
[SourceVersionDate "2012.02.29"]
[SourceQuality "1"]

1. d4 Nf6 2. Nf3 e6 3. g3 b6 4. Bg2 Bb7 5. 0-0 Be7 6. c4 c5 7. d5 exd5 8. Nh4 0-0 9. Nf5 d6 10. cxd5 Re8 11. Nxe7+ Qxe7 12. Nc3 Ba6 13. Re1 b5 14. a4 b4 15. Nb5 Bb7 16. Bf4 Rd8 17. e4 a6 18. Nxd6 Rxd6 19. Bxd6 Qxd6 20. e5 Qb6 21. exf6 Nd7 22. fxg7 Nf6 23. Re7 Rd8 24. a5 Qb5 25. Qf3 1-0

[Event "BLR-ch (Women) 56th"]
[Site "Minsk"]
[Date "2012.01.16"]
[Round "7"]
[White "Tereshkova, Marina"]
[Black "Ziaziulkina, Nastassia"]
[Result "0-1"]
[WhiteElo "1903"]
[BlackElo "2290"]
[PlyCount "94"]
[EventDate "2012.01.10"]
[EventType "tourn"]
[EventRounds "9"]
[EventCountry "BLR"]
[SourceTitle "CBM 146 Extra"]
[Source "ChessBase"]
[SourceDate "2012.02.29"]
[SourceVersion "1"]
[SourceVersionDate "2012.02.29"]
[SourceQuality "1"]

1. e4 c5 2. Nf3 d6 3. d4 cxd4 4. Nxd4 Nf6 5. Nc3 a6 6. Be3 e5 7. Nb3 Be6 8. f3 Nbd7 9. Qd2 h5 10. Nd5 Bxd5 11. exd5 g6 12. c4 Qc7 13. Bd3 Bg7 14. Rc1 b6 15. 0-0 0-0 16. Qf2 Rae8 17. Qh4 e4 18. Bxe4 Nxe4 19. fxe4 Bxb2 20. Rc2 Bg7 21. Bg5 Ne5 22. Kh1 Nd3 23. Rf3 Ne5 24. Rf1 Rc8 25. Nd4 Qb7 26. h3 Rc7 27. Rb1 Rb8 28. Bf6 Bxf6 29. Qxf6 Rxc4 30. Rxc4 Nxc4 31. Rf1 Ne5 32. Rc1 Re8 33. Nc6 Nd3 34. Rb1 b5 35. Rf1 Rxe4 36. Nb8 Qe7 37. Qc3 Nc5 38. Nxa6 Rc4 39. Qa5 Ne4 40. Rb1 Ng3+ 41. Kh2 Qe5 42. Qxb5 Rc2 43. Kg1 Qe3+ 44. Kh2 Qf4 45. Qb6 Nf1+ 46. Kg1 Qh2+ 47. Kxf1 Qxg2+ 0-1

[Event "BLR-ch (Women) 56th"]
[Site "Minsk"]
[Date "2012.01.13"]
[Round "4"]
[White "Nevioselaya, Maria"]
[Black "Tereshkova, Marina"]
[Result "1-0"]
[WhiteElo "1959"]
[BlackElo "1903"]
[PlyCount "111"]
[EventDate "2012.01.10"]
[EventType "tourn"]
[EventRounds "9"]
[EventCountry "BLR"]
[SourceTitle "CBM 146 Extra"]
[Source "ChessBase"]
[SourceDate "2012.02.29"]
[SourceVersion "1"]
[SourceVersionDate "2012.02.29"]
[SourceQuality "1"]

1. e4 e5 2. Nf3 Nc6 3. Bc4 Nf6 4. d3 Bc5 5. 0-0 0-0 6. Nbd2 a6 7. c3 d6 8. Bb3 h6 9. h3 Be6 10. Bc2 d5 11. exd5 Bxd5 12. Nb3 Bd6 13. Be3 Nd7 14. Nfd2 Qh4 15. Qg4 Qxg4 16. hxg4 Nf6 17. f3 b6 18. Rae1 Be6 19. d4 exd4 20. Nxd4 Nxd4 21. Bxd4 Rad8 22. Bb3 Nd5 23. Ne4 c5 24. Bf2 Bf4 25. g3 Bb8 26. Rd1 Nc7 27. Kg2 Bxb3 28. axb3 Ne6 29. b4 cxb4 30. Bxb6 Rxd1 31. Rxd1 bxc3 32. bxc3 Bc7 33. Bxc7 Nxc7 34. Rd7 Ne6 35. Ra7 Rb8 36. f4 Rb6 37. Kf3 Rc6 38. Ke3 Nc7 39. Kd3 Kf8 40. c4 Ke8 41. c5 Nb5 42. Ra8+ Ke7 43. f5 g6 44. f6+ Ke6 45. Re8+ Kd5 46. Re7 Rc7 47. Nd6 Rxc5 48. Nxf7 Rc3+ 49. Ke2 Nd4+ 50. Kd2 Rf3 51. Re5+ Kc6 52. Nd8+ Kc7 53. Rd5 Nc6 54. Ne6+ Kb6 55. Nf4 g5 56. f7 1-0

[Event "BLR-ch (Women) 56th"]
[Site "Minsk"]
[Date "2012.01.11"]
[Round "2"]
[White "Tereshkova, Marina"]
[Black "Revo, Tatiana"]
[Result "0-1"]
[WhiteElo "1903"]
[BlackElo "2066"]
[PlyCount "98"]
[EventDate "2012.01.10"]
[EventType "tourn"]
[EventRounds "9"]
[EventCountry "BLR"]
[SourceTitle "CBM 146 Extra"]
[Source "ChessBase"]
[SourceDate "2012.02.29"]
[SourceVersion "1"]
[SourceVersionDate "2012.02.29"]
[SourceQuality "1"]

1. e4 c5 2. Nf3 d6 3. d4 cxd4 4. Nxd4 Nf6 5. Nc3 a6 6. Be3 e6 7. f3 b5 8. Qd2 Nbd7 9. g4 h6 10. 0-0-0 b4 11. Na4 d5 12. b3 Bb7 13. Bh3 dxe4 14. g5 hxg5 15. Bxe6 fxe6 16. Nxe6 Qc8 17. Bxg5 Bc6 18. Nxf8 Rxf8 19. Qxb4 Qb8 20. Qd4 Qe5 21. Bxf6 Rxf6 22. fxe4 Qxd4 23. Rxd4 Re6 24. Nc3 Kf7 25. Nd5 Rh8 26. Nb4 Nf6 27. Nxc6 Rxc6 28. e5 Ne8 29. h4 Rh5 30. Rd5 Ke7 31. c4 Re6 32. Kc2 Rhxe5 33. Rxe5 Rxe5 34. Kd3 Nc7 35. b4 Kd6 36. Rg1 Ne6 37. Rg4 Rf5 38. Kc3 Rf4 39. c5+ Kd5 40. Rg6 Rxh4 41. a4 a5 42. b5 Rc4+ 43. Kb3 Nxc5+ 44. Kb2 Rb4+ 45. Kc2 Ne6 46. Rg1 Rxa4 47. Rd1+ Kc5 48. b6 Nd4+ 49. Kc3 Ra3+ 0-1